Uplatňovanie princípu jedného bankového povolenia v slovenskom bankovom sektore
Nadobudnutím platnosti zmluvy o pristúpení SR do Európskej únie nadobudli účinnosť niektoré ustanovenia zákona č. 483/2001 Z.z. o bankách týkajúce sa princípu jedného bankového povolenia (tzv. single passport). Podmienky využitia a spôsoby uplatnenia jedného bankového povolenia. Bankové činnosti špe...
Saved in:
| Main Author: | |
|---|---|
| Format: | Book Chapter |
| Language: | Slovak |
| Subjects: | |
| Tags: |
No Tags, Be the first to tag this record!
|
MARC
| LEADER | 00000naa$a2200000$$$4500 | ||
|---|---|---|---|
| 001 | 0027485 | ||
| 005 | 20231116082342.0 | ||
| 041 | 0 | |a slo | |
| 044 | |a SK | ||
| 245 | 1 | 0 | |a Uplatňovanie princípu jedného bankového povolenia v slovenskom bankovom sektore |c Erika Korčušková |
| 520 | |a Nadobudnutím platnosti zmluvy o pristúpení SR do Európskej únie nadobudli účinnosť niektoré ustanovenia zákona č. 483/2001 Z.z. o bankách týkajúce sa princípu jedného bankového povolenia (tzv. single passport). Podmienky využitia a spôsoby uplatnenia jedného bankového povolenia. Bankové činnosti špecifikované v tzv. zozname vzájomne uznávaných činnosí. Postup pri zámere zahraničných poskytovateľov bankových služieb pôsobiť na území SR. Podnikanie členských krajín Európskeho hospodárskeho priestoru na Slovensku v rámci jedného bankového povolenia. Zoznam poskytovateľov voľných cezhraničných bankových služieb. | ||
| 610 | 2 | 0 | |a banky zahraničné |
| 610 | 2 | 0 | |a Slovensko |
| 610 | 2 | 0 | |a Európska únia |
| 610 | 2 | 0 | |a bankovníctvo |
| 610 | 2 | 0 | |a služby bankové |
| 100 | 1 | |a Korčušková, Erika | |